Library of the University of Algiers 3
Ibrahim Sultan Cheibout
شعار جامعة الجزائر 3
مكتبة جامعة الجزائر 3
إبراهيم سلطان شيبوط

دراسات خاصة في ادارة الاعمال / (رقم التسجيلة. 41875)

تفاصيل مارك
000 -LEADER
fixed length control field 01922nam a2200217Ia 4500
003 - CONTROL NUMBER IDENTIFIER
control field Ost
005 - DATE AND TIME OF LATEST TRANSACTION
control field 20260507074934.0
008 - FIXED-LENGTH DATA ELEMENTS--GENERAL INFORMATION
fixed length control field 260507s9999||||xx |||||||||||||| ||und||
040 ## - CATALOGING SOURCE
Transcribing agency fsecg
041 ## - LANGUAGE CODE
Language code of text/sound track or separate title ara
082 ## - DEWEY DECIMAL CLASSIFICATION NUMBER
Classification number 658
100 ## - MAIN ENTRY--PERSONAL NAME
Personal name جواد، ناجي شوقي
Relator term مؤلف
245 #0 - TITLE STATEMENT
Title دراسات خاصة في ادارة الاعمال /
Statement of responsibility, etc. ناجي شوقي جواد
260 ## - PUBLICATION, DISTRIBUTION, ETC.
Place of publication, distribution, etc. عمان:
Name of publisher, distributor, etc. دار الاهلية للنشر,
Date of publication, distribution, etc. 2006
300 ## - PHYSICAL DESCRIPTION
Extent 352 صفحة؛
Dimensions 24 سم
504 ## - BIBLIOGRAPHY, ETC. NOTE
Bibliography, etc. note بيبليوغرافيا ص.347
520 ## - SUMMARY, ETC.
Summary, etc. العوامل المؤثرة في الفاعلية التنظيمية ، قياس أثر إداراك المعرفة في تنظيفيها لدى المنظمات الاردنية ، الرقابة الادارية ودورها في تحسين الأداء المؤسسي باتجاه تطوير نموذج لتحسين الاداء ، تحليل كفاءة وفاعلية القرارات الاستراتجية المستندة إلى نظم المعلومات الادارية المحوسبة في البنوكة التجارية في الأردن ، قياس مدى تطبيق منظمات الاعمال لاستراتجية التغيير والتطوير وأثرها على الفاعلية ، دور تكنولوجيا المعلومات في اعادة هندسة عمليات الأعمال ، تقييم أثر تطبيق استراتجيات التحجيم على الاداء المؤسسي للشركات الصناعية الاردنية ، أثر النمط القيادي لرؤساء الاقسام على السلوك الابداعي لدى المرؤوسين المباشرين ، قياس الرضا الوظيفي لدى العاملين في الجهاو المصرفي الأردني وأثره على الاداء
653 ## - INDEX TERM--UNCONTROLLED
Uncontrolled term ادارة الاعمال
700 ## - ADDED ENTRY--PERSONAL NAME
Personal name حجازي، هيثم علي
Relator term مؤلف ثانوي
942 ## - ADDED ENTRY ELEMENTS (KOHA)
Koha item type كتب
المقتنيات
Withdrawn status Lost status Source of classification or shelving scheme Damaged status Not for loan Home library Current library Date acquired Serial enumeration / chronology Inventory number Total checkouts Full call number Barcode Date last seen Price effective from Koha item type
    Dewey Decimal Classification   NOT LOAN / إعارة داخلية مكتبة كلية العلوم الإقتصادية والعلوم التجارية وعلوم التسيير مكتبة كلية العلوم الإقتصادية والعلوم التجارية وعلوم التسيير 07/05/2026 الطابق الأرضي 2993   أ/2715ن1 2993 07/05/2026 07/05/2026 كتب
    Dewey Decimal Classification   Available مكتبة كلية العلوم الإقتصادية والعلوم التجارية وعلوم التسيير مكتبة كلية العلوم الإقتصادية والعلوم التجارية وعلوم التسيير 07/05/2026 الطابق الأرضي 2994   أ/2715ن2 2994 07/05/2026 07/05/2026 كتب
    Dewey Decimal Classification   Available مكتبة كلية العلوم الإقتصادية والعلوم التجارية وعلوم التسيير مكتبة كلية العلوم الإقتصادية والعلوم التجارية وعلوم التسيير 07/05/2026 الطابق الأرضي 2995   أ/2715ن3 2995 07/05/2026 07/05/2026 كتب
    Dewey Decimal Classification   Available مكتبة كلية العلوم الإقتصادية والعلوم التجارية وعلوم التسيير مكتبة كلية العلوم الإقتصادية والعلوم التجارية وعلوم التسيير 07/05/2026 الطابق الثاني 2996   أ/2715ن4 2996 07/05/2026 07/05/2026 كتب
    Dewey Decimal Classification   Available مكتبة كلية العلوم الإقتصادية والعلوم التجارية وعلوم التسيير مكتبة كلية العلوم الإقتصادية والعلوم التجارية وعلوم التسيير 07/05/2026 الطابق الثاني 2997   أ/2715ن5 2997 07/05/2026 07/05/2026 كتب
    Dewey Decimal Classification   Available مكتبة كلية العلوم الإقتصادية والعلوم التجارية وعلوم التسيير مكتبة كلية العلوم الإقتصادية والعلوم التجارية وعلوم التسيير 07/05/2026 مكتبة بن عكنون 2998   أ/2715ن6 2998 07/05/2026 07/05/2026 كتب
    Dewey Decimal Classification   Available مكتبة كلية العلوم الإقتصادية والعلوم التجارية وعلوم التسيير مكتبة كلية العلوم الإقتصادية والعلوم التجارية وعلوم التسيير 07/05/2026 مكتبة بن عكنون 2999   أ/2715ن7 2999 07/05/2026 07/05/2026 كتب
    Dewey Decimal Classification   Available مكتبة كلية العلوم الإقتصادية والعلوم التجارية وعلوم التسيير مكتبة كلية العلوم الإقتصادية والعلوم التجارية وعلوم التسيير 07/05/2026 مكتبة بن عكنون 3000   أ/2715ن8 3000 07/05/2026 07/05/2026 كتب

موارد الويب المفتوحة


© University of Algiers 3 All Rights Reserved
|
Implemented by LECHELAH Riad